[Event "Olimpiada Calviá 2004"]
[Site "Calviá ESP"]
[Date "2004.10.20"]
[Round "6.14"]
[White "Meijers, Viesturs"]
[Black "Acs, Peter"]
[Result "1/2-1/2"]
[WhiteElo "2465"]
[BlackElo "2521"]
[PlyCount "72"]
[EventDate "2004.10.15"]
[EventType "team"]
[EventRounds "14"]
[EventCountry "ESP"]
[Source "lmi"]
[SourceDate "2004.10.27"]

1. e4 e5 2. Nf3 Nc6 3. Bb5 a6 4. Bxc6 dxc6 5. O-O f6 6. d4 exd4 7. Nxd4 c5 8.
Nb3 Qxd1 9. Rxd1 Bg4 10. f3 Bd7 11. Be3 b6 12. a4 a5 13. Nc3 Ne7 14. Rd2 Ng6
15. Rad1 Ne5 16. Bf4 O-O-O 17. Nb5 c4 18. N3d4 Bb4 19. c3 Bc5 20. Kf1 Bxb5 21.
Nxb5 Rxd2 22. Rxd2 Re8 23. Bxe5 fxe5 24. Ke2 Re6 25. Na3 Bxa3 26. bxa3 Rd6 27.
h4 Kd7 28. g3 Ke6 29. f4 g6 30. Ke3 h6 31. fxe5 Rxd2 32. Kxd2 Kxe5 33. Ke3 g5
34. hxg5 hxg5 35. g4 c6 36. Kf3 c5 1/2-1/2

[Event "Olimpiada Calviá 2004"]
[Site "Calviá ESP"]
[Date "2004.10.20"]
[Round "6.15"]
[White "Moreno Carnero, Javier"]
[Black "Nevednichy, Vladislav"]
[Result "1/2-1/2"]
[WhiteElo "2512"]
[BlackElo "2552"]
[PlyCount "49"]
[EventDate "2004.10.15"]
[EventType "team"]
[EventRounds "14"]
[EventCountry "ESP"]
[Source "lmi"]
[SourceDate "2004.10.27"]

1. e4 c5 2. Nf3 Nc6 3. d4 cxd4 4. Nxd4 Nf6 5. Nc3 d6 6. Bg5 e6 7. Qd2 a6 8.
O-O-O Bd7 9. f3 Be7 10. h4 h6 11. Be3 h5 12. Bg5 Qc7 13. Kb1 Ne5 14. Bd3 b5 15.
Rhe1 b4 16. Nce2 a5 17. Ng3 a4 18. f4 Nxd3 19. cxd3 Qb6 20. Nf3 Rc8 21. Rc1
Rxc1+ 22. Rxc1 Ng4 23. Bxe7 Kxe7 24. d4 Rc8 25. Rxc8 1/2-1/2

[Event "Olimpiada Calviá 2004"]
[Site "Calviá ESP"]
[Date "2004.10.20"]
[Round "6.16"]
[White "Pont Mulet, Antonio"]
[Black "Cordova, Emilio"]
[Result "0-1"]
[WhiteElo "2265"]
[BlackElo "2347"]
[PlyCount "58"]
[EventDate "2004.10.15"]
[EventType "team"]
[EventRounds "14"]
[EventCountry "ESP"]
[Source "lmi"]
[SourceDate "2004.10.27"]

1. e4 e6 2. d4 d5 3. Nc3 Nf6 4. e5 Nfd7 5. f4 c5 6. Nf3 Nc6 7. Be3 a6 8. Qd2 b5
9. dxc5 Bxc5 10. Bxc5 Nxc5 11. Bd3 Qb6 12. Qf2 b4 13. Ne2 a5 14. Ned4 Nxd4 15.
Nxd4 Ba6 16. Rd1 Na4 17. Rb1 g6 18. O-O O-O 19. Nf3 Qxf2+ 20. Kxf2 Nc5 21. Ke3
a4 22. Rbc1 Rfc8 23. Nd4 Nd7 24. g4 a3 25. b3 g5 26. f5 Bxd3 27. cxd3 Nxe5 28.
h3 Rc3 29. fxe6 Rxd3+ 0-1

[Event "Olimpiada Calviá 2004"]
[Site "Calviá ESP"]
[Date "2004.10.20"]
[Round "6.16"]
[White "Requejo, Oswaldo"]
[Black "Galiana, Juan Ramon"]
[Result "1-0"]
[WhiteElo "2253"]
[BlackElo "2257"]
[PlyCount "85"]
[EventDate "2004.10.15"]
[EventType "team"]
[EventRounds "14"]
[EventCountry "ESP"]
[Source "lmi"]
[SourceDate "2004.10.27"]

1. d4 f5 2. Nf3 g6 3. g3 Bg7 4. Bg2 c6 5. O-O Nh6 6. c4 Nf7 7. Ng5 Nxg5 8. Bxg5
Qb6 9. Be3 Qxb2 10. Nd2 Qb6 11. Nb3 d6 12. Qd2 O-O 13. Bh6 Nd7 14. e4 fxe4 15.
Bxe4 Nf6 16. Rae1 Bh3 17. Bxg7 Kxg7 18. Bg2 Bxg2 19. Rxe7+ Rf7 20. Rxf7+ Kxf7
21. Kxg2 Re8 22. Re1 Rxe1 23. Qxe1 Qa6 24. Qb4 Ne4 25. a3 b6 26. Nc1 c5 27. Qe1
Ng5 28. Qe3 Qb7+ 29. d5 Qe7 30. Qxe7+ Kxe7 31. f3 Nf7 32. f4 Nh6 33. Kf3 Nf5
34. Ne2 Kd7 35. g4 Ne7 36. Nc3 Ng8 37. Ne4 Ke7 38. a4 Nf6 39. Nxf6 Kxf6 40. g5+
Ke7 41. f5 Kf7 42. Kf4 a5 43. h4 1-0

[Event "Olimpiada Calviá 2004"]
[Site "Calviá ESP"]
[Date "2004.10.20"]
[Round "6.17"]
[White "Morovic, Ivan"]
[Black "Sulskis, Sarunas"]
[Result "1/2-1/2"]
[WhiteElo "2564"]
[BlackElo "2555"]
[PlyCount "87"]
[EventDate "2004.10.15"]
[EventType "team"]
[EventRounds "14"]
[EventCountry "ESP"]
[Source "lmi"]
[SourceDate "2004.10.27"]

1. d4 Nf6 2. c4 e6 3. Nf3 b6 4. g3 Ba6 5. Qb3 d5 6. cxd5 exd5 7. Nc3 Be7 8. Bg2
O-O 9. O-O c6 10. Ne5 Nfd7 11. Bf4 Nxe5 12. Bxe5 Nd7 13. Bf4 Nf6 14. Rfd1 h6
15. Rac1 Bb7 16. a3 Re8 17. Rc2 Bf8 18. Na2 a5 19. Nc3 Ba6 20. Qa2 a4 21. Qb1
Bc4 22. Rcc1 b5 23. e4 dxe4 24. Nxe4 Nxe4 25. Bxe4 Bd5 26. Re1 Bxe4 27. Rxe4
Qd5 28. Rce1 Rxe4 29. Qxe4 Qxe4 30. Rxe4 f6 31. Re2 Kf7 32. Kf1 h5 33. h4 Re8
34. Rc2 Rc8 35. Ke2 Ke6 36. Kd3 Kd5 37. Bd2 c5 38. dxc5 Rxc5 39. Bc3 Rc8 40.
Re2 Bc5 41. f3 Rc7 42. g4 hxg4 43. fxg4 Kd6 44. h5 1/2-1/2

[Event "Olimpiada Calviá 2004"]
[Site "Calviá ESP"]
[Date "2004.10.20"]
[Round "6.17"]
[White "Sakalauskas, Vaidas"]
[Black "Llorens, Marcelo"]
[Result "1-0"]
[WhiteElo "2464"]
[BlackElo "2375"]
[PlyCount "83"]
[EventDate "2004.10.15"]
[EventType "team"]
[EventRounds "14"]
[EventCountry "ESP"]
[Source "lmi"]
[SourceDate "2004.10.27"]

1. d4 Nf6 2. c4 c5 3. d5 b5 4. cxb5 a6 5. bxa6 Bxa6 6. Nc3 g6 7. g3 Bg7 8. Bg2
d6 9. Nf3 O-O 10. O-O Nbd7 11. Rb1 Qa5 12. Bd2 Rfb8 13. Qc2 Ng4 14. a4 Nge5 15.
Nxe5 Nxe5 16. b3 Qd8 17. Rfe1 Ra7 18. Na2 Rc8 19. Bc3 Rb7 20. h3 Qf8 21. Kh2 h5
22. f4 Nd7 23. Bxg7 Qxg7 24. b4 Rxb4 25. Nxb4 cxb4 26. Qe4 h4 27. Qxe7 hxg3+
28. Kh1 Nc5 29. Rxb4 Qc3 30. Rbb1 Qd4 31. f5 gxf5 32. Qg5+ Qg7 33. Qxf5 Re8 34.
Qg4 Qxg4 35. hxg4 Nxa4 36. Bf3 Kg7 37. Kg2 Bc4 38. Kxg3 Nc3 39. Ra1 Nxd5 40.
Ra4 Bb3 41. Ra6 Nf6 42. e4 1-0

[Event "Olimpiada Calviá 2004"]
[Site "Calviá ESP"]
[Date "2004.10.20"]
[Round "6.19"]
[White "Torre, Eugenio"]
[Black "Hansen, Sune Berg"]
[Result "1/2-1/2"]
[WhiteElo "2518"]
[BlackElo "2551"]
[PlyCount "138"]
[EventDate "2004.10.15"]
[EventType "team"]
[EventRounds "14"]
[EventCountry "ESP"]
[Source "lmi"]
[SourceDate "2004.10.27"]

1. d4 Nf6 2. Nf3 e6 3. Bg5 h6 4. Bh4 d6 5. Nc3 Nbd7 6. e4 g5 7. Bg3 Nh5 8. Bc4
a6 9. a4 Qe7 10. O-O Bg7 11. Re1 Nxg3 12. hxg3 O-O 13. Nh2 c6 14. Ng4 Qd8 15.
Bb3 d5 16. Qd3 a5 17. Rad1 Kh8 18. Ne3 Nb6 19. Ne2 f5 20. exf5 exf5 21. c3 Rf6
22. f4 g4 23. Bc2 Qg8 24. Nc1 Be6 25. Qe2 Nc8 26. Nd3 Nd6 27. Ne5 h5 28. Kf2
Rh6 29. Rh1 Rf8 30. Rh2 Rff6 31. Rdh1 Qe8 32. Bd3 Kg8 33. Qd1 Rh8 34. Qc2 Bf8
35. b3 Be7 36. c4 dxc4 37. bxc4 c5 38. d5 Bc8 39. Ke2 Bd8 40. Kd2 Kg7 41. Re1
Qf8 42. Rhh1 Rfh6 43. Re2 h4 44. gxh4 Rxh4 45. Rhe1 Rh1 46. Qc3 Qf6 47. Qa1
Rxe1 48. Rxe1 Kg8 49. Qa3 Bb6 50. Rb1 Qd8 51. Qa1 Bc7 52. Rh1 Qf6 53. Qg1 Bd8
54. Rxh8+ Kxh8 55. Nd1 Qh6 56. g3 Bb6 57. Kc2 Kg7 58. Nf2 Kg8 59. Kd2 Bd8 60.
Nd1 Bf6 61. Kc2 b6 62. Kb3 Qh8 63. Qe1 Qh2 64. Nc3 Qg2 65. Nc6 Kf7 66. Ne5+ Kf8
67. Nd1 Kg7 68. Nc3 Kf8 69. Nd1 Kg7 1/2-1/2

[Event "Olimpiada Calviá 2004"]
[Site "Calviá ESP"]
[Date "2004.10.20"]
[Round "6.19"]
[White "Paragua, Mark"]
[Black "Schandorff, Lars"]
[Result "1-0"]
[WhiteElo "2534"]
[BlackElo "2510"]
[PlyCount "105"]
[EventDate "2004.10.15"]
[EventType "team"]
[EventRounds "14"]
[EventCountry "ESP"]
[Source "lmi"]
[SourceDate "2004.10.27"]

1. e4 c5 2. Nf3 Nc6 3. d4 cxd4 4. Nxd4 Nf6 5. Nc3 e5 6. Ndb5 d6 7. Bg5 a6 8.
Na3 b5 9. Bxf6 gxf6 10. Nd5 f5 11. Bd3 Be6 12. Qh5 Rg8 13. g3 Nd4 14. c3 fxe4
15. Bxe4 Bg4 16. Qxh7 Rg7 17. Qh6 Nf3+ 18. Ke2 Ng5+ 19. f3 Nxe4 20. fxg4 Qc8
21. Qe3 Qxg4+ 22. Qf3 Qxf3+ 23. Kxf3 f5 24. Nc2 Kf7 25. Nde3 Ng5+ 26. Kg2 Ke6
27. Rhf1 Rf7 28. Rae1 f4 29. gxf4 Rxf4 30. Rxf4 exf4 31. Nd4+ Kf7 32. Nd5 Bg7
33. Re7+ Kf8 34. h4 Nf7 35. Ne6+ Kg8 36. Nexf4 a5 37. a3 b4 38. Rb7 bxa3 39.
bxa3 Be5 40. Ng6 Kg7 41. h5 a4 42. Nh4 Rf8 43. Nf5+ Kh8 44. Nde7 Re8 45. c4 Bf6
46. Ng6+ Kg8 47. Rxf7 Kxf7 48. Nxd6+ Ke6 49. Nxe8 Bb2 50. c5 Kd7 51. h6 Kxe8
52. h7 Kd7 53. Kf3 1-0

[Event "Olimpiada Calviá 2004"]
[Site "Calviá ESP"]
[Date "2004.10.20"]
[Round "6.19"]
[White "Pedersen, Nicolai Vesterbaek"]
[Black "Gonzales, Jayson"]
[Result "0-1"]
[WhiteElo "2466"]
[BlackElo "2422"]
[PlyCount "46"]
[EventDate "2004.10.15"]
[EventType "team"]
[EventRounds "14"]
[EventCountry "ESP"]
[Source "lmi"]
[SourceDate "2004.10.27"]

1. d4 d6 2. e4 Nf6 3. Nc3 g6 4. f4 Bg7 5. Nf3 c5 6. e5 Nfd7 7. exd6 Nc6 8. dxc5
Nxc5 9. Nb5 O-O 10. Be3 exd6 11. Qxd6 Na4 12. Qxd8 Rxd8 13. c3 Nxb2 14. Nfd4 a6
15. Nc7 Nxd4 16. Bxd4 Bxd4 17. cxd4 Ra7 18. d5 b5 19. d6 Rxd6 20. Rc1 Bd7 21.
Rc2 Nc4 22. Bxc4 bxc4 23. Rxc4 Rc6 0-1

[Event "Olimpiada Calviá 2004"]
[Site "Calviá ESP"]
[Date "2004.10.20"]
[Round "6.20"]
[White "Rowson, Jonathan"]
[Black "Moldobaev, Emelbek"]
[Result "1-0"]
[WhiteElo "2577"]
[BlackElo "2388"]
[PlyCount "65"]
[EventDate "2004.10.15"]
[EventType "team"]
[EventRounds "14"]
[EventCountry "ESP"]
[Source "lmi"]
[SourceDate "2004.10.27"]

1. d4 Nf6 2. c4 e6 3. Nc3 Bb4 4. Qc2 c5 5. dxc5 Bxc5 6. Nf3 Qb6 7. e3 Qc7 8.
Be2 a6 9. b3 b6 10. Bb2 Bb7 11. O-O Be7 12. Rad1 d6 13. Ng5 Nbd7 14. f4 h6 15.
Nge4 O-O 16. f5 d5 17. fxe6 fxe6 18. Ng3 Bd6 19. cxd5 Bxg3 20. hxg3 exd5 21.
Rf4 Rae8 22. Qd2 Ne5 23. Rc1 Qd6 24. Ne4 Nxe4 25. Rxe4 Rf6 26. Rf4 Rfe6 27. Qd4
R8e7 28. Rcf1 Ng6 29. Rg4 Ne5 30. Qf4 Qd8 31. Bxe5 Rxe5 32. Bd3 Bc8 33. Qxh6
1-0

[Event "Olimpiada Calviá 2004"]
[Site "Calviá ESP"]
[Date "2004.10.20"]
[Round "6.20"]
[White "Zilberman, Nathan R"]
[Black "McNab, Colin A"]
[Result "0-1"]
[WhiteElo "2338"]
[BlackElo "2434"]
[PlyCount "40"]
[EventDate "2004.10.15"]
[EventType "team"]
[EventRounds "14"]
[EventCountry "ESP"]
[Source "lmi"]
[SourceDate "2004.10.27"]

1. d4 d6 2. Nf3 g6 3. c4 Bg7 4. Nc3 Nd7 5. e4 e5 6. Be2 Ngf6 7. O-O O-O 8. Re1
c6 9. Bf1 Qe7 10. Rb1 a5 11. b3 exd4 12. Nxd4 Ng4 13. Qxg4 Bxd4 14. Bb2 Qf6 15.
Nd1 Be5 16. g3 Bxb2 17. Nxb2 Ne5 18. Qd1 Nf3+ 19. Kh1 Nxe1 20. Qxe1 Re8 0-1

[Event "Olimpiada Calviá 2004"]
[Site "Calviá ESP"]
[Date "2004.10.20"]
[Round "6.20"]
[White "Shaw, John"]
[Black "Ilinsky, Vladimir"]
[Result "1/2-1/2"]
[WhiteElo "2433"]
[BlackElo "2331"]
[PlyCount "149"]
[EventDate "2004.10.15"]
[EventType "team"]
[EventRounds "14"]
[EventCountry "ESP"]
[Source "lmi"]
[SourceDate "2004.10.27"]

1. e4 e5 2. Nf3 Nc6 3. Bb5 a6 4. Ba4 Nf6 5. O-O Be7 6. Re1 b5 7. Bb3 d6 8. c3
O-O 9. h3 h6 10. d4 Re8 11. Nbd2 Bf8 12. Nf1 Bd7 13. Ng3 Na5 14. Bc2 c5 15. b3
Nc6 16. Bb2 Qc7 17. Rc1 g6 18. Qd2 Bg7 19. b4 c4 20. a4 bxa4 21. Ra1 a5 22. d5
Na7 23. bxa5 Qxa5 24. Qe2 Reb8 25. Ra2 Nb5 26. Qxc4 Rc8 27. Qxa4 Qd8 28. Qb3
Rab8 29. c4 Nd4 30. Qd3 Nxf3+ 31. Qxf3 Rxc4 32. Bd3 Ra4 33. Rxa4 Bxa4 34. Rb1
Rb3 35. Bc1 Qb8 36. Rxb3 Qxb3 37. Nf1 Nd7 38. Be2 Qc2 39. Ba3 Nc5 40. Bxc5 Qxc5
41. Ne3 h5 42. Nc4 Bf8 43. Qa3 Qxa3 44. Nxa3 Bh6 45. Kf1 Bc1 46. Nc4 Kf8 47.
Nxd6 Ke7 48. Nc4 f6 49. Bd3 Bb3 50. Na5 Ba4 51. Ke2 Ba3 52. Nc4 Bc5 53. g3 Bd7
54. h4 Bg4+ 55. f3 Bd7 56. f4 Bg4+ 57. Ke1 Bd4 58. Be2 Bh3 59. Bf3 Bd7 60. fxe5
fxe5 61. Be2 Kf6 62. Nd2 Bc3 63. Kd1 Bd4 64. Ke1 Bc3 65. Bf3 Bb5 66. g4 hxg4
67. Bxg4 Bd3 68. Bf3 Ke7 69. Kd1 Kd6 70. Nb3 Bb5 71. Nc1 Ba5 72. Ne2 Bxe2+ 73.
Kxe2 Bd8 74. h5 gxh5 75. Bxh5 1/2-1/2

[Event "Olimpiada Calviá 2004"]
[Site "Calviá ESP"]
[Date "2004.10.20"]
[Round "6.20"]
[White "Turpanov, Milan"]
[Black "Mannion, Stephen R"]
[Result "1/2-1/2"]
[WhiteElo "2307"]
[BlackElo "2357"]
[PlyCount "110"]
[EventDate "2004.10.15"]
[EventType "team"]
[EventRounds "14"]
[EventCountry "ESP"]
[Source "lmi"]
[SourceDate "2004.10.27"]

1. d4 d5 2. c4 dxc4 3. Nf3 Nf6 4. e3 e6 5. Nc3 a6 6. a4 c5 7. Bxc4 Nc6 8. O-O
Be7 9. dxc5 Qxd1 10. Rxd1 Bxc5 11. h3 O-O 12. e4 Bb4 13. e5 Nd7 14. Bf4 Nb6 15.
Bf1 Ne7 16. Ne4 Bd7 17. Be3 Ned5 18. Bc5 Rfc8 19. Bxb4 Nxb4 20. a5 N6d5 21. Nd6
Rc7 22. Nd2 Kf8 23. N2c4 Rd8 24. Rac1 Ba4 25. Re1 Bc6 26. b3 Nf4 27. Red1 Bd5
28. g3 Ng6 29. f4 f6 30. Re1 fxe5 31. fxe5 Nc6 32. Ne4 Nd4 33. Rc3 Kg8 34. h4
Rdc8 35. Ned6 Rf8 36. Bg2 Ne7 37. Rd3 Nc2 38. Red1 Nb4 39. R3d2 Bxg2 40. Kxg2
Ned5 41. Re1 Nc6 42. Ne4 h6 43. Nc5 Re8 44. Nxe6 Rxe6 45. Rxd5 Nb4 46. Rd8+ Kh7
47. Rd6 Ree7 48. Re2 Nc6 49. h5 Re8 50. Rd5 Rce7 51. Re4 Nb4 52. Rd6 Nc6 53.
Rd5 Nb4 54. Rd2 Nc6 55. Rd5 Nb4 1/2-1/2

[Event "Olimpiada Calviá 2004"]
[Site "Calviá ESP"]
[Date "2004.10.20"]
[Round "6.21"]
[White "Kotronias, Vasilios"]
[Black "Baburin, Alexander"]
[Result "1-0"]
[WhiteElo "2599"]
[BlackElo "2527"]
[PlyCount "43"]
[EventDate "2004.10.15"]
[EventType "team"]
[EventRounds "14"]
[EventCountry "ESP"]
[Source "lmi"]
[SourceDate "2004.10.27"]

1. e4 Nf6 2. e5 Nd5 3. d4 d6 4. c4 Nb6 5. f4 Bf5 6. Nc3 e6 7. Nf3 Be7 8. Be3
O-O 9. Bd3 d5 10. Bxf5 exf5 11. c5 Nc4 12. Bf2 c6 13. b3 Na5 14. Qc2 g6 15. h3
b6 16. g4 fxg4 17. hxg4 f5 18. Bh4 bxc5 19. Bxe7 Qxe7 20. Ng5 cxd4 21. Rxh7 Qb4
22. Ke2 1-0

[Event "Olimpiada Calviá 2004"]
[Site "Calviá ESP"]
[Date "2004.10.20"]
[Round "6.21"]
[White "Kelly, Brian"]
[Black "Papaioannou, Ioannis"]
[Result "1/2-1/2"]
[WhiteElo "2494"]
[BlackElo "2577"]
[PlyCount "94"]
[EventDate "2004.10.15"]
[EventType "team"]
[EventRounds "14"]
[EventCountry "ESP"]
[Source "lmi"]
[SourceDate "2004.10.27"]

1. d4 Nf6 2. c4 c5 3. Nf3 cxd4 4. Nxd4 e5 5. Nb5 d5 6. cxd5 Bc5 7. N5c3 O-O 8.
h3 Bf5 9. e3 Qe7 10. a3 Nbd7 11. Nd2 e4 12. b4 Bd6 13. Nc4 Ne5 14. Nxd6 Qxd6
15. Bb2 Nd3+ 16. Bxd3 exd3 17. O-O Nxd5 18. Nxd5 Qxd5 19. f3 Qd6 20. Rf2 Rac8
21. e4 Be6 22. Rd2 Rfd8 23. Rc1 Rxc1 24. Qxc1 Qg3 25. Qc3 Bc4 26. Qe5 Qxe5 27.
Bxe5 f6 28. Bf4 Rc8 29. Kf2 Rc6 30. Rd1 Kf7 31. Rc1 b5 32. Be3 Ke6 33. Ke1 Ra6
34. Ra1 Ke5 35. Kd2 Ra4 36. Kc3 a5 37. bxa5 Rxa5 38. g3 Ra4 39. Bd4+ Kd6 40. g4
Ra8 41. h4 Ke6 42. f4 Rc8 43. Kd2 Kf7 44. f5 Re8 45. Re1 h5 46. gxh5 Rh8 47.
Rg1 Rxh5 1/2-1/2

[Event "Olimpiada Calviá 2004"]
[Site "Calviá ESP"]
[Date "2004.10.20"]
[Round "6.21"]
[White "Halkias, Stelios"]
[Black "Collins, Sam E"]
[Result "1-0"]
[WhiteElo "2526"]
[BlackElo "2387"]
[PlyCount "65"]
[EventDate "2004.10.15"]
[EventType "team"]
[EventRounds "14"]
[EventCountry "ESP"]
[Source "lmi"]
[SourceDate "2004.10.27"]

1. d4 d5 2. c4 c6 3. Nc3 Nf6 4. Nf3 a6 5. c5 Nbd7 6. Bf4 Nh5 7. g3 g6 8. Qd2
Nxf4 9. gxf4 b6 10. cxb6 Qxb6 11. e3 Bg7 12. Rc1 O-O 13. Bd3 a5 14. b3 Bb7 15.
h4 Rfc8 16. Na4 Qb4 17. Ke2 Qd6 18. Nc5 Nxc5 19. Rxc5 f6 20. Qc3 Rf8 21. h5 e5
22. hxg6 hxg6 23. Bxg6 exf4 24. Qc2 Rfb8 25. Nh4 fxe3 26. Nf5 Ba6+ 27. Kf3 Qe6
28. fxe3 Bc8 29. Rxc6 Qe4+ 30. Qxe4 dxe4+ 31. Kf4 Bxf5 32. Bxf5 Re8 33. Rc7 1-0

[Event "Olimpiada Calviá 2004"]
[Site "Calviá ESP"]
[Date "2004.10.20"]
[Round "6.21"]
[White "Ryan, Joseph"]
[Black "Mastrovasilis, Dimitrios"]
[Result "0-1"]
[WhiteElo "2316"]
[BlackElo "2574"]
[PlyCount "100"]
[EventDate "2004.10.15"]
[EventType "team"]
[EventRounds "14"]
[EventCountry "ESP"]
[Source "lmi"]
[SourceDate "2004.10.27"]

1. e4 c5 2. Nf3 Nc6 3. d4 cxd4 4. Nxd4 Qc7 5. Nc3 e6 6. g3 a6 7. Bg2 d6 8. O-O
Bd7 9. Nxc6 Bxc6 10. a4 Be7 11. Be3 Nf6 12. a5 O-O 13. Bb6 Qb8 14. Re1 Nd7 15.
Bd4 Qc7 16. Na4 Rae8 17. Nb6 Ne5 18. f4 Ng6 19. Bf2 Bf6 20. c3 Ne7 21. Qd2 Nc8
22. Nxc8 Rxc8 23. Bb6 Qb8 24. Rad1 Ba4 25. Ra1 Bc6 26. Red1 Be7 27. c4 Rce8 28.
Qd3 Qc8 29. b3 f5 30. Ra2 e5 31. Rf2 exf4 32. Rxf4 fxe4 33. Rxe4 Bxe4 34. Qxe4
Bd8 35. Qxb7 Bxb6+ 36. axb6 Qc5+ 37. Kh1 Qf2 38. Qd5+ Kh8 39. h3 Qxb6 40. Kh2
Qxb3 41. Ra1 Qb6 42. Qa5 Qxa5 43. Rxa5 Rf2 44. Rxa6 g5 45. Kg1 Rd2 46. Kf1 Rf8+
47. Kg1 Rb8 48. Ra1 Rb3 49. Ra8+ Kg7 50. Ra7+ Kf6 0-1

[Event "Olimpiada Calviá 2004"]
[Site "Calviá ESP"]
[Date "2004.10.20"]
[Round "6.23"]
[White "Azarov, Sergei"]
[Black "Martinez, Carlos Alejandro"]
[Result "1/2-1/2"]
[WhiteElo "2556"]
[BlackElo "2393"]
[PlyCount "42"]
[EventDate "2004.10.15"]
[EventType "team"]
[EventRounds "14"]
[EventCountry "ESP"]
[Source "lmi"]
[SourceDate "2004.10.27"]

1. e4 c6 2. Nc3 d5 3. Nf3 Bg4 4. h3 Bxf3 5. Qxf3 e6 6. g3 Nf6 7. Bg2 Nbd7 8. d3
d4 9. Nb1 Bb4+ 10. Nd2 h5 11. h4 Ne5 12. Qe2 Ng6 13. O-O Qc7 14. Bf3 Bc5 15. c3
dxc3 16. d4 cxb2 17. Bxb2 Bb6 18. a4 Ng4 19. e5 Ne7 20. Ba3 Nf5 21. a5 Bxa5
1/2-1/2

[Event "Olimpiada Calviá 2004"]
[Site "Calviá ESP"]
[Date "2004.10.20"]
[Round "6.23"]
[White "Fier, Alexander Hila"]
[Black "Kovalev, Andrei"]
[Result "1/2-1/2"]
[WhiteElo "2365"]
[BlackElo "2575"]
[PlyCount "103"]
[EventDate "2004.10.15"]
[EventType "team"]
[EventRounds "14"]
[EventCountry "ESP"]
[Source "lmi"]
[SourceDate "2004.10.27"]

1. e4 c5 2. Nf3 d6 3. d4 Nf6 4. Nc3 cxd4 5. Nxd4 a6 6. Bg5 e6 7. f4 Qb6 8. Qd2
Nc6 9. O-O-O Qxd4 10. Qxd4 Nxd4 11. Rxd4 Be7 12. Be2 Bd7 13. Bxf6 gxf6 14. Bh5
Rc8 15. f5 O-O 16. Bg4 Rc7 17. Rhd1 Rfc8 18. Kb1 Kg7 19. R4d2 b5 20. Ne2 e5 21.
Nc3 Bc6 22. Rc1 Bf8 23. Nd5 Bxd5 24. Rxd5 Kg8 25. c3 b4 26. Be2 Rc6 27. c4 Rc5
28. Rcd1 Be7 29. Kc2 Kf8 30. Kb3 a5 31. Rxc5 Rxc5 32. Ka4 Ke8 33. a3 bxa3 34.
bxa3 Kd7 35. Rb1 Bd8 36. Rb3 Rc7 37. Rh3 Rb7 38. Rxh7 Kc6 39. Bh5 Rb2 40. Bxf7
Rxg2 41. Bd5+ Kc5 42. h4 Rh2 43. h5 Bb6 44. h6 Rh3 45. Rh8 Bc7 46. h7 Kb6 47.
Bf7 d5 48. exd5 Bd6 49. c5+ Bxc5 50. Rb8+ Ka6 51. Ra8+ Kb6 52. Rb8+ 1/2-1/2

[Event "Olimpiada Calviá 2004"]
[Site "Calviá ESP"]
[Date "2004.10.20"]
[Round "6.26"]
[White "Cuartas, Jaime Alexander"]
[Black "Hillarp Persson, Tiger"]
[Result "0-1"]
[WhiteElo "2452"]
[BlackElo "2523"]
[PlyCount "136"]
[EventDate "2004.10.15"]
[EventType "team"]
[EventRounds "14"]
[EventCountry "ESP"]
[Source "lmi"]
[SourceDate "2004.10.27"]

1. e4 g6 2. d4 Bg7 3. Nf3 d6 4. Nc3 a6 5. Be2 b5 6. O-O Bb7 7. a3 Nd7 8. Be3
Rc8 9. Re1 c5 10. d5 Ngf6 11. Nd2 O-O 12. f3 e6 13. dxe6 fxe6 14. Bf1 d5 15.
Bg5 Ng4 16. fxg4 Qxg5 17. Nf3 Qxg4 18. Qe2 b4 19. Nd1 dxe4 20. Nd2 Bd4+ 21. Kh1
Qh4 22. Nc4 Be5 23. Nxe5 Nxe5 24. Qe3 Ng4 25. Qg3 Qxg3 26. hxg3 a5 27. Kg1 Rcd8
28. Be2 Ne5 29. axb4 axb4 30. Ra5 Rd2 31. Rxc5 Nf3+ 32. gxf3 exf3 33. Re5 fxe2
34. R5xe2 Rxe2 35. Rxe2 Rf3 36. Re3 Kf7 37. Rxf3+ Bxf3 38. Nf2 Be2 39. Ne4 h6
40. Kf2 Bd1 41. c3 Bc2 42. Nd2 bxc3 43. bxc3 e5 44. c4 Ke6 45. Ke3 g5 46. Nf3
Ba4 47. Nd2 Bc6 48. Nb3 h5 49. Nc1 h4 50. gxh4 gxh4 51. Kf2 Kf5 52. Kg1 Ke4 53.
Kg2 Bd7 54. Nb3 Bc8 55. Kf2 Bg4 56. c5 Kd5 57. Nd2 Kxc5 58. Ke3 Kd5 59. Nf1 Ke6
60. Ke4 Bf5+ 61. Ke3 Kf6 62. Nh2 Bc8 63. Nf3 h3 64. Kf2 Kf5 65. Ke3 Bb7 66. Nh2
Bg2 67. Ke2 Kf4 68. Kf2 e4 0-1

[Event "Olimpiada Calviá 2004"]
[Site "Calviá ESP"]
[Date "2004.10.20"]
[Round "6.26"]
[White "Berg, Emanuel"]
[Black "Alzate, Dario"]
[Result "1-0"]
[WhiteElo "2529"]
[BlackElo "2427"]
[PlyCount "71"]
[EventDate "2004.10.15"]
[EventType "team"]
[EventRounds "14"]
[EventCountry "ESP"]
[Source "lmi"]
[SourceDate "2004.10.27"]

1. e4 c5 2. Nf3 d6 3. d4 cxd4 4. Nxd4 Nf6 5. Nc3 a6 6. Be3 e5 7. Nb3 Be7 8. f3
Be6 9. Qd2 O-O 10. O-O-O Qc7 11. g4 Rc8 12. g5 Nh5 13. Kb1 Nd7 14. Nd5 Bxd5 15.
exd5 g6 16. Bh3 Bf8 17. Bg4 Nf4 18. c3 Re8 19. Bxf4 exf4 20. Bxd7 Qxd7 21. Qxf4
Bg7 22. Nd2 b5 23. Ne4 Re5 24. h4 Rc8 25. h5 Rc4 26. Rh4 Rexe4 27. fxe4 b4 28.
hxg6 hxg6 29. Rdh1 Qe7 30. Qh2 Qe5 31. Qxe5 Bxe5 32. cxb4 Rxb4 33. b3 a5 34.
Rc1 Rb8 35. Rc4 f6 36. Rh6 1-0

[Event "Olimpiada Calviá 2004"]
[Site "Calviá ESP"]
[Date "2004.10.20"]
[Round "6.27"]
[White "Thorhallsson, Throstur"]
[Black "Sadvakasov, Darmen"]
[Result "0-1"]
[WhiteElo "2460"]
[BlackElo "2631"]
[PlyCount "66"]
[EventDate "2004.10.15"]
[EventType "team"]
[EventRounds "14"]
[EventCountry "ESP"]
[Source "lmi"]
[SourceDate "2004.10.27"]

1. e4 e6 2. d4 d5 3. Nc3 Nf6 4. e5 Nfd7 5. f4 c5 6. Nf3 Nc6 7. Be3 cxd4 8. Nxd4
Bc5 9. Qd2 O-O 10. O-O-O a6 11. h4 Nxd4 12. Bxd4 b5 13. Rh3 Bb7 14. h5 b4 15.
Na4 Bxd4 16. Qxd4 Qa5 17. b3 Bc6 18. Nb2 Qxa2 19. Nd3 Bb5 20. Nxb4 Qa5 21. Kb2
Bxf1 22. Rxf1 Qb5 23. Nd3 a5 24. f5 a4 25. f6 gxf6 26. exf6 Kh8 27. Qb4 Qc6 28.
Nf4 Rfc8 29. c3 Qa6 30. Ra1 Rcb8 31. Qe7 Rxb3+ 32. Kc2 Ne5 33. Re3 Rab8 0-1

[Event "Olimpiada Calviá 2004"]
[Site "Calviá ESP"]
[Date "2004.10.20"]
[Round "6.27"]
[White "Ibraev, Nurlan"]
[Black "Thorfinnsson, Bragi"]
[Result "1-0"]
[WhiteElo "2476"]
[BlackElo "2435"]
[PlyCount "81"]
[EventDate "2004.10.15"]
[EventType "team"]
[EventRounds "14"]
[EventCountry "ESP"]
[Source "lmi"]
[SourceDate "2004.10.27"]

1. Nf3 Nf6 2. c4 c6 3. Nc3 d5 4. e3 a6 5. Qc2 Nbd7 6. d4 e6 7. b3 Bd6 8. Bd3
Qe7 9. O-O O-O 10. Bb2 b5 11. e4 dxc4 12. bxc4 e5 13. cxb5 axb5 14. Ne2 Ba3 15.
Qxc6 Bb7 16. Qc2 Rfc8 17. Qb1 Bxb2 18. Qxb2 Nxe4 19. Bxb5 exd4 20. Nexd4 Ne5
21. Rfe1 Nxf3+ 22. Nxf3 Qa3 23. Qd4 Nc3 24. Bd7 Rd8 25. Ne5 Qb2 26. Qg4 Bd5 27.
a4 Qd2 28. Nc6 Bxc6 29. Bxc6 Ra5 30. h3 h6 31. Qf3 Rc5 32. Re7 Rf8 33. Rae1 Qd6
34. Be8 Qg6 35. a5 Nd5 36. R7e5 Qd6 37. a6 Rc1 38. Bxf7+ Rxf7 39. Re8+ Kh7 40.
Qxf7 Rxe1+ 41. Rxe1 1-0